Handbook of cognitive therapy techniques / (Record no. 5690)

MARC details
000 -LEADER
fixed length control field 00771pam a2200205 a 4500
020 ## - INTERNATIONAL STANDARD BOOK NUMBER
ISBN 0393700356 :
050 00 - CALL NUMBER
Classification number RC489.C63
Item number M36 1986
100 1# - AUTHOR
Personal name McMullin, Rian E.
245 10 - TITLE
Title Handbook of cognitive therapy techniques /
Statement of responsibility, etc Rian E. Mc Mullin.
250 ## - EDITION
Edition statement 1st ed.
260 ## - PUBLICATION INFORMATION
Place of publication New York :
Name of publisher Norton,
Year of publication c1986.
300 ## - DESCRIPTION
Number of Pages xvii, 356 p. :
Other physical details ill. ;
Dimensions 24 cm.
500 ## - NOTES
General note "A Norton professional book"--P. facing t.p.
500 ## - NOTES
General note Includes indexes.
505 ## - FORMATTED CONTENTS NOTE
Table of Content 1. Countering techniques --<br/>2. Perceptual shifting --<br/>3. Conditioning techniques --<br/>4. Paradoxical methods --<br/>5. Logical analysis --<br/>6. Adjuncts --<br/>7. CRT tools.
650 #0 - SUBJECTS
Topical Term Cognitive therapy.
650 #2 - SUBJECTS
Topical Term Behavior Therapy
General subdivision methods
-- handbooks.
650 #2 - SUBJECTS
Topical Term Cognition
General subdivision handbooks.
942 ## - ADDED ENTRY ELEMENTS (KOHA)
Koha item type Books
Holdings
Withdrawn status Lost status Collection code Home library Current library Shelving location Date acquired Full call number Accession Number Koha item type
    Reference Methodist University Library Main Methodist University Library Main General Stacks 09/10/2012 RC489.C63 M36 1986 36475 Books
Copyright © 2026  MUG Library